| 000 | 02383nam a2200493 c 4500 | ||
|---|---|---|---|
| 003 | BLK | ||
| 005 | 20250801101350.0 | ||
| 008 | 180411b bul|||||r ||||||| ||bul|| | ||
| 010 | _aKNG00181825000 | ||
| 020 | _a978-619-199-013-9 | ||
| 040 | _aBLK | ||
| 041 |
_aBUL _cBUL |
||
| 072 | 7 |
_2bullib _aН61 _xМедицина Н |
|
| 080 |
_aАнатомия. Вж и 572 ; 591.4 ; 616.1/.9 ; 343.9 ; 743 _b611 _x(035)(02.053.2) _z611(035)(02.053.2) |
||
| 080 |
_aФизиология _b612 _x(035)(02.053.2) _z612(035)(02.053.2) |
||
| 139 |
_aРюбел, Дорис _bР 98 |
||
| 245 | 1 | 0 |
_aТова съм аз! Това си ти! _bЕнциклопедия за най-малките : С повдигащи се капачета на всяка страница _cтекст и ил. Дорис Рюбел; прев. Розалина Борилова Палазова |
| 257 | _aDEU | ||
| 260 |
_aСофия _bФют _c2014 _fотпеч. в Италия |
||
| 300 | _c20 см | ||
| 380 | _aDN | ||
| 490 |
_aПоредица Защо? Какво? Как? _v6 |
||
| 500 | _aКор. опис. - Ориг. загл. Wieso? Weshalb? Warum? Das bin Ich Das bist Du / Ill. und Text Doris Rubel. - Сведения за авт. отг. отбелязани в изд. каре. - Кн. отпеч. на ламиниран картон. | ||
| 650 | 4 |
_aАнатомия - на човека - енциклопедии и речници _9256694 |
|
| 650 | 4 |
_aФизиология - на човека - енциклопедии и справочници _9245768 |
|
| 650 | 4 |
_aЕнциклопедии, детски _9154962 |
|
| 653 | _aанатомия | ||
| 653 | _aфизиология | ||
| 653 | _aчовешко тяло | ||
| 653 | _aенциклопедии | ||
| 653 | _aлитература за деца | ||
| 653 | _aдетска литература | ||
| 659 | _aН | ||
| 700 | 1 |
_aРюбел, Дорис _eтекст и ил. _9117997 |
|
| 700 | 1 |
_aПалазова, Розалина Борилова _gЖурналист. Преводач от немски език. _9105705 |
|
| 852 | _aЦб 274467 | ||
| 856 | 4 | _qpdf | |
| 856 | 4 | _qpdf | |
| 942 |
_cKNG _n0 _097 |
||
| 944 |
_aCR _c15.09.2015 _lАнна Гръцманова _k30564 |
||
| 944 |
_aED _c17.06.2016 _lф / _kЛюдмила_Стоянова |
||
| 999 |
_c173427 _d173427 |
||
| 999 | _d173427 | ||
| 999 | _d173427 | ||